00965nam a2200217 a 450000100100000000500170001000800410002702000150006804000250008310000320010824501320014025000120027226000810028430000390036549000260040450000690043050400730049970000500057271001060062283000190072800004038420201002034110.0130823s2000 mx 000 0 spa d a9683664199 aDO-SdBNPbspacBNPHU1 aTorre Villar, Ernesto de la10aElogio y defensa del libro /cErnesto de la Torre Villar ; prólogo y notas al discurso de Juan Bautista Valenzuela Velazquez. a4a. ed. aMéxico :bDirección General de Publicaciones y Fomento Editorial,c2000. a124, 14 páginas : ilustraciones.1 aBiblioteca del editor aIncluye datos biográficos del autor en la solapa de la portada aIncluye referencias bibliográficas y notas al pie de las páginas1 aValenzuela Velazquez, Juan Bautista,epról.2 aUniversidad Nacional Autónoma de México. Dirección General de Publicaciones y Fomento Editorial 0aBiblioteca del